| 000 | 00360nam a22001217a 4500 | ||
|---|---|---|---|
| 999 |
_c2113 _d2113 |
||
| 005 | 20200909073346.0 | ||
| 008 | 200909b ||||| |||| 00| 0 eng d | ||
| 020 | _a0340359641 | ||
| 040 | _cCML | ||
| 245 |
_aGames in the Primary School. _cLenel, R.M. |
||
| 260 |
_aLondon _bHodder & Stoughton _c1984 |
||
| 942 |
_2ddc _cBK _e2nd Edition _h613.7 _mLEN |
||